000 00563nam a2200217Ia 4500
003 OSt
005 20220928144115.0
006 a|||||r|||| 00| 0
007 ta
008 220927b |||||||| |||| 00| 0 eng d
024 _a24336
037 _cTextual
040 _aSDCL
_cSDCL
_beng
041 _2eng
_aeng
082 _aO152,1I83,1:8(P,3), K2;1
100 _aSaxena Nirmala
_9506985
245 0 _aSoorsagar shabdawali.
260 _c1962
942 _hO152,1I83,1:8(P,3), K2;1
_cTEXL
_2CC
999 _c826250
_d826250